000 00565nam a2200193Ia 4500
003 GCL
008 140319s9999 xx 000 0 ara d
040 _aGCL /
_cGCL
082 0 4 _a816
_bس ر
100 1 _aسوفنير بوك هاوس
245 1 0 _aرسائل الحب /
_cسوفنير بوك هاوس
260 _aبيروت :
_bدار الراتب الجامعية
300 _a112 ص ؛
_c20 سم
490 _aعالم المراسلات
_v2
650 0 4 _aالحب فى الادب
650 0 4 _aالرسائل
650 0 4 _aالحب
942 _2ddc
_cBK
999 _c59179
_d59179